[Event "GER-ch U18 Girls"]
[Site "Willingen"]
[Date "2018.05.21"]
[Round "3"]
[White "Giede, Anna Blume"]
[Black "Kolb, Verena"]
[Result "1/2-1/2"]
[WhiteElo "1542"]
[BlackElo "1770"]
[PlyCount "66"]
[EventDate "2018.05.19"]
[EventType "swiss"]
[EventRounds "9"]
[EventCountry "GER"]
[SourceTitle "CBM 184 Extra"]
[Source "ChessBase"]
[SourceDate "2018.06.28"]
[SourceVersion "1"]
[SourceVersionDate "2018.06.28"]
[SourceQuality "1"]

1. e4 c6 2. d4 d5 3. exd5 cxd5 4. c4 Nf6 5. Nc3 Nc6 6. Nf3 Bg4 7. cxd5 Nxd5 8. Bb5 Rc8 9. 0-0 e6 10. Be3 Qa5 11. Bxc6+ Rxc6 12. Ne4 Be7 13. Ng3 Bd6 14. Re1 0-0 15. h3 Bxf3 16. Qxf3 Rc2 17. Re2 Rfc8 18. Ne4 Qb6 19. b3 Ba3 20. Rxc2 Rxc2 21. Ng5 Qc7 22. Qe4 g6 23. Nf3 Bb2 24. Rf1 Nb4 25. Ne1 Rc6 26. Qb1 Bc1 27. Nd3 Nxd3 28. Qxd3 Rc3 29. Qe4 Bxe3 30. fxe3 Rc2 31. Rf2 Rc1+ 32. Rf1 Rxf1+ 33. Kxf1 Qc1+ 1/2-1/2

[Event "GER-ch U16 Girls"]
[Site "Willingen"]
[Date "2017.06.08"]
[Round "7"]
[White "Kolb, Verena"]
[Black "Manco, Michela"]
[Result "0-1"]
[WhiteElo "1674"]
[BlackElo "1773"]
[PlyCount "66"]
[EventDate "2017.06.04"]
[EventType "swiss"]
[EventRounds "9"]
[EventCountry "GER"]
[SourceTitle "CBM 178 Extra"]
[Source "ChessBase"]
[SourceDate "2017.06.22"]
[SourceVersion "1"]
[SourceVersionDate "2017.06.22"]
[SourceQuality "1"]

1. e4 e5 2. Nf3 Nc6 3. Bb5 a6 4. Ba4 Nf6 5. 0-0 b5 6. Bb3 Be7 7. Re1 d6 8. h3 0-0 9. c3 Na5 10. Bc2 c5 11. d4 Qc7 12. d5 h6 13. Nbd2 c4 14. Nf1 Nb7 15. Bd2 Nc5 16. b4 cxb3 17. axb3 a5 18. b4 Nb7 19. bxa5 Rxa5 20. Ng3 Bd7 21. Rxa5 Nxa5 22. Qc1 Rc8 23. Nh4 Nxd5 24. exd5 Bxh4 25. Bxh6 Qxc3 26. Re2 Nb3 27. Qa3 Nd4 28. Qxc3 Rxc3 29. Re4 Bxg3 30. Rg4 Bxg4 31. hxg4 Bxf2+ 32. Kxf2 Rxc2+ 33. Kg3 gxh6 0-1

[Event "GER-ch U16 Girls"]
[Site "Willingen"]
[Date "2017.06.06"]
[Round "4"]
[White "Moenster, Madita"]
[Black "Kolb, Verena"]
[Result "0-1"]
[WhiteElo "1873"]
[BlackElo "1674"]
[PlyCount "102"]
[EventDate "2017.06.04"]
[EventType "swiss"]
[EventRounds "9"]
[EventCountry "GER"]
[SourceTitle "CBM 178 Extra"]
[Source "ChessBase"]
[SourceDate "2017.06.22"]
[SourceVersion "1"]
[SourceVersionDate "2017.06.22"]
[SourceQuality "1"]

1. e4 e6 2. d4 d5 3. Nc3 dxe4 4. Nxe4 Bd7 5. c3 Bc6 6. Ng3 Nd7 7. Nf3 Bd6 8. Bd3 Ngf6 9. 0-0 0-0 10. Re1 Re8 11. Ne5 Nd5 12. Nxc6 bxc6 13. Ne4 Bf4 14. Qf3 Bxc1 15. Raxc1 Qe7 16. c4 Nb4 17. Bb1 c5 18. dxc5 Nxc5 19. a3 Nc6 20. Nxc5 Qxc5 21. Be4 Nd4 22. Qh3 Rad8 23. Qxh7+ Kf8 24. Qh8+ Ke7 25. Qxg7 Qh5 26. Qh7 Ne2+ 27. Kf1 Qxh7 28. Bxh7 Nxc1 29. Rxc1 Rh8 30. Be4 Rxh2 31. Ke2 Rh4 32. Ke3 Rb8 33. b4 Rd8 34. g3 Rhh8 35. c5 Rhg8 36. Bf3 Rg5 37. Be4 Re5 38. f4 Rh5 39. Bg2 Rh7 40. Bf3 Rh2 41. Be2 Rdh8 42. Rc3 Rg2 43. Kf3 Rhh2 44. Bb5 Rc2 45. Rb3 Ra2 46. Ke3 Rhg2 47. Kf3 Rgd2 48. Ke3 Rd1 49. Ke4 f5+ 50. Ke5 Rad2 51. Bc4 Re1+ 0-1

[Event "GER-ch U25-B"]
[Site "Willingen"]
[Date "2016.05.21"]
[Round "9"]
[White "Winterberg, Johanna"]
[Black "Kolb, Verena"]
[Result "1-0"]
[WhiteElo "1473"]
[BlackElo "1539"]
[PlyCount "93"]
[EventDate "2016.05.15"]
[EventType "swiss"]
[EventRounds "9"]
[EventCountry "GER"]
[SourceTitle "CBM 172 Extra"]
[Source "ChessBase"]
[SourceDate "2016.06.21"]
[SourceVersion "1"]
[SourceVersionDate "2016.06.21"]
[SourceQuality "1"]

1. e4 e6 2. Nf3 d5 3. e5 c5 4. b4 Nc6 5. bxc5 Bxc5 6. d4 Bb6 7. Bd3 Bd7 8. c3 Nge7 9. 0-0 Ng6 10. Ba3 Nf4 11. Bc2 Na5 12. g3 Ng6 13. Nfd2 Bb5 14. Ba4 Qd7 15. Bxb5 Qxb5 16. Bb4 Rc8 17. a4 Qd7 18. Na3 a6 19. Rc1 Nc6 20. Bd6 Bc7 21. Bxc7 Rxc7 22. Nb3 b6 23. c4 Nge7 24. c5 Nc8 25. cxb6 Nxb6 26. Nc5 Qc8 27. Rb1 Nd7 28. Nxd7 Qxd7 29. Qd3 Ra7 30. Rb6 0-0 31. Rc1 Rc7 32. Nc2 Rb8 33. Qxa6 Rxb6 34. Qxb6 Rb7 35. Qc5 Rc7 36. Nb4 Nxb4 37. Qxc7 Qxc7 38. Rxc7 h6 39. a5 Kf8 40. Kf1 f6 41. exf6 gxf6 42. Rb7 Nc6 43. a6 e5 44. a7 Nxa7 45. Rxa7 exd4 46. Rd7 Ke8 47. Rxd5 1-0

[Event "GER-ch U25-B"]
[Site "Willingen"]
[Date "2016.05.15"]
[Round "1"]
[White "Gehrke, Korbinian"]
[Black "Kolb, Verena"]
[Result "0-1"]
[WhiteElo "1240"]
[BlackElo "1539"]
[PlyCount "58"]
[EventDate "2016.05.15"]
[EventType "swiss"]
[EventRounds "9"]
[EventCountry "GER"]
[SourceTitle "CBM 172 Extra"]
[Source "ChessBase"]
[SourceDate "2016.06.21"]
[SourceVersion "1"]
[SourceVersionDate "2016.06.21"]
[SourceQuality "1"]

1. e4 e6 2. d4 d5 3. e5 c5 4. c3 Nc6 5. Nf3 Qb6 6. Be3 cxd4 7. Nxd4 Bc5 8. b3 Nge7 9. b4 Bxd4 10. Bxd4 Nxd4 11. cxd4 Qxb4+ 12. Nd2 Qxd4 13. Bb5+ Nc6 14. 0-0 Qxe5 15. Qc2 Bd7 16. Bd3 Nb4 17. Qb1 Nxd3 18. Qxd3 0-0 19. Rab1 a6 20. Rxb7 Bb5 21. Qc2 Bxf1 22. Kxf1 Qxh2 23. Rb3 Qh6 24. Rh3 Qg6 25. Qd1 Rfc8 26. Qa1 Qc2 27. Nb3 Rc7 28. Rg3 f6 29. Qxf6 Qd1# 0-1

[Event "GER-chT U14 Girls"]
[Site "Magdeburg"]
[Date "2015.12.28"]
[Round "3.1"]
[White "Rudolph, Eva"]
[Black "Kolb, Verena"]
[Result "0-1"]
[WhiteElo "1545"]
[BlackElo "1488"]
[PlyCount "84"]
[EventDate "2015.12.27"]
[EventType "team-swiss"]
[EventRounds "7"]
[EventCountry "GER"]
[SourceTitle "EXT 2017"]
[Source "ChessBase"]
[SourceDate "2016.10.25"]
[SourceVersion "1"]
[SourceVersionDate "2016.10.25"]
[SourceQuality "1"]
[WhiteTeam "Duesseldorf"]
[BlackTeam "Erlangen"]
[WhiteTeamCountry "GER"]
[BlackTeamCountry "GER"]

1. e4 e6 2. c4 c6 3. d4 d5 4. cxd5 exd5 5. exd5 cxd5 6. Bd3 Nc6 7. Nf3 Nf6 8. a3 Bg4 9. Be2 Qb6 10. Nbd2 0-0-0 11. 0-0 Nxd4 12. Nxd4 Qxd4 13. Qc2+ Kb8 14. Nb3 Qb6 15. Bd3 Rc8 16. Bf4+ Bd6 17. Bxd6+ Qxd6 18. Qd2 Qb6 19. Qf4+ Ka8 20. Nd2 Qxb2 21. Rfb1 Qc3 22. Re1 Qxd3 23. f3 Be6 24. a4 Rc6 25. a5 Rhc8 26. Nf1 Rc4 27. Qd6 Qd4+ 28. Kh1 Qc5 29. Qg3 Nh5 30. Qg5 d4 31. Qd2 Qb4 32. Qd3 Nf6 33. Red1 Rc3 34. Qxd4 Qxd4 35. Rxd4 Rc1 36. Rxc1 Rxc1 37. Kg1 a6 38. Kf2 Ra1 39. Rd8+ Ka7 40. Nd2 Rxa5 41. g4 Rd5 42. Rxd5 Bxd5 0-1

[Event "GER-chT U14 Girls"]
[Site "Magdeburg"]
[Date "2015.12.27"]
[Round "1.1"]
[White "Nguyen, Ha Thanh"]
[Black "Kolb, Verena"]
[Result "1-0"]
[WhiteElo "1666"]
[BlackElo "1488"]
[PlyCount "55"]
[EventDate "2015.12.27"]
[EventType "team-swiss"]
[EventRounds "7"]
[EventCountry "GER"]
[SourceTitle "EXT 2017"]
[Source "ChessBase"]
[SourceDate "2016.10.25"]
[SourceVersion "1"]
[SourceVersionDate "2016.10.25"]
[SourceQuality "1"]
[WhiteTeam "Erfurt Empor"]
[BlackTeam "Erlangen"]
[WhiteTeamCountry "GER"]
[BlackTeamCountry "GER"]

1. d4 d5 2. e3 e6 3. Bd3 c5 4. c3 Nf6 5. f4 Nc6 6. Nf3 Bd7 7. 0-0 Be7 8. Nbd2 Qb6 9. Kh1 0-0-0 10. Ne5 Rdf8 11. a4 Ne8 12. Nxd7 Kxd7 13. Nf3 Bd6 14. dxc5 Qxc5 15. Qe1 Nf6 16. b4 Qb6 17. Ba3 Ne7 18. c4 dxc4 19. Bxc4 Rc8 20. Bb5+ Kc7 21. Nd4 Nfd5 22. a5 Bxb4 23. axb6+ axb6 24. Bxb4 Nxb4 25. Qxb4 Nd5 26. Rfc1+ Kb8 27. Qd6+ Rc7 28. e4 1-0

[Event "Karl Mala Memorial op-B 17th"]
[Site "Frankfurt"]
[Date "2014.08.03"]
[Round "6"]
[White "Kolb, Verena"]
[Black "Urbach, Jens"]
[Result "1-0"]
[WhiteElo "1459"]
[BlackElo "1599"]
[PlyCount "83"]
[EventDate "2014.07.31"]
[EventType "swiss"]
[EventRounds "7"]
[EventCountry "GER"]
[SourceTitle "EXT 2015"]
[Source "ChessBase"]
[SourceDate "2014.11.20"]
[SourceVersion "1"]
[SourceVersionDate "2014.11.20"]
[SourceQuality "1"]

1. e4 e5 2. Nf3 Nc6 3. Bb5 d6 4. 0-0 Bd7 5. c3 Be7 6. d4 exd4 7. Nxd4 Nxd4 8. Bxd7+ Qxd7 9. cxd4 Nf6 10. Nc3 0-0 11. Re1 Rfe8 12. Qf3 c6 13. h3 Rac8 14. Bf4 b5 15. a3 h6 16. Rad1 Nh7 17. Qg3 Kh8 18. Re3 Nf6 19. Qf3 Rg8 20. Bxd6 Bxd6 21. e5 Qd8 22. exf6 Qxf6 23. Qxf6 gxf6 24. d5 Be5 25. dxc6 Rxc6 26. Nxb5 Bxb2 27. Nxa7 Rc1 28. Rxc1 Bxc1 29. Rc3 Bb2 30. Rb3 Bd4 31. Nc6 Bc5 32. a4 Rc8 33. Rb8 Rxb8 34. Nxb8 Kg7 35. a5 Bd6 36. Nc6 Bc5 37. a6 Kf8 38. a7 Bxa7 39. Nxa7 Ke7 40. g4 Kd7 41. Kg2 Kc7 42. Kg3 1-0

[Event "GER-chT U12"]
[Site "Schney"]
[Date "2013.12.29"]
[Round "6.3"]
[White "Schraegle, Thorsten"]
[Black "Kolb, Verena"]
[Result "1/2-1/2"]
[WhiteElo "1271"]
[BlackElo "1286"]
[PlyCount "147"]
[EventDate "2013.12.27"]
[EventType "team-swiss"]
[EventRounds "7"]
[EventCountry "GER"]
[SourceTitle "EXT 2015"]
[Source "ChessBase"]
[SourceDate "2014.11.20"]
[SourceVersion "1"]
[SourceVersionDate "2014.11.20"]
[SourceQuality "1"]
[WhiteTeam "Spaichingen"]
[BlackTeam "Seubelsdorf"]
[WhiteTeamCountry "GER"]
[BlackTeamCountry "GER"]

1. e4 e6 2. d4 d5 3. exd5 exd5 4. Bd3 Nc6 5. c3 Nf6 6. Bg5 Be7 7. Qe2 0-0 8. Nf3 Re8 9. 0-0 Bg4 10. h3 Bd6 11. Qd1 Bh5 12. Nbd2 h6 13. Bh4 Bg6 14. Qc2 Bxd3 15. Qxd3 g5 16. Bg3 Ne4 17. Bh2 Qf6 18. Rae1 Bxh2+ 19. Kxh2 Qg6 20. Qb5 Qd6+ 21. Kh1 a6 22. Qd3 Qg6 23. c4 Nxd2 24. Qxg6+ fxg6 25. Nxd2 dxc4 26. Nxc4 Nxd4 27. Rd1 Rad8 28. Ne3 Kg7 29. Kh2 Nf5 30. Rde1 Nxe3 31. Rxe3 Rxe3 32. fxe3 Rd2 33. Rc1 c6 34. b4 h5 35. a4 Kh6 36. Rc4 Rd6 37. a5 Re6 38. e4 Re5 39. Kg3 Kg7 40. Kf3 Kf6 41. g4 Rb5 42. Ke3 Ke5 43. Kf3 Kd6 44. Ke3 b6 45. axb6 Rxb6 46. Rd4+ Ke6 47. Kd3 Rb5 48. Rc4 Kd6 49. Kd4 a5 50. bxa5 Rxa5 51. Rc3 Ra4+ 52. Ke3 c5 53. Rd3+ Kc6 54. Rc3 Rb4 55. Kd3 Rd4+ 56. Ke3 Kd6 57. Ra3 Ke5 58. Ra5 Rxe4+ 59. Kd3 Rd4+ 60. Ke3 Rc4 61. Kd3 Kd5 62. Ra6 hxg4 63. Rxg6 Rd4+ 64. Kc3 gxh3 65. Rxg5+ Kc6 66. Rh5 Ra4 67. Kb3 Rb4+ 68. Kc3 Ra4 69. Kb3 Kb5 70. Rxh3 c4+ 71. Kb2 Kb4 72. Rh4 Ra3 73. Rxc4+ Kxc4 74. Kxa3 1/2-1/2

[Event "GER-chT U12"]
[Site "Schney"]
[Date "2013.12.28"]
[Round "3.2"]
[White "Kolb, Verena"]
[Black "Browning, Alex"]
[Result "0-1"]
[WhiteElo "1286"]
[BlackElo "1517"]
[PlyCount "96"]
[EventDate "2013.12.27"]
[EventType "team-swiss"]
[EventRounds "7"]
[EventCountry "GER"]
[SourceTitle "EXT 2015"]
[Source "ChessBase"]
[SourceDate "2014.11.20"]
[SourceVersion "1"]
[SourceVersionDate "2014.11.20"]
[SourceQuality "1"]
[WhiteTeam "Seubelsdorf"]
[BlackTeam "Halver Schalksmuehle"]
[WhiteTeamCountry "GER"]
[BlackTeamCountry "GER"]

1. e4 c5 2. f4 d6 3. Nc3 Nc6 4. Nf3 e6 5. d4 cxd4 6. Nxd4 d5 7. Bb5 Nge7 8. exd5 exd5 9. Qe2 Bd7 10. Bxc6 bxc6 11. f5 Qb6 12. Qe3 c5 13. Nxd5 Qd6 14. Nxe7 cxd4 15. Qf3 Rd8 16. Nd5 Bc6 17. Qe4+ Kd7 18. Qxd4 Qxd5 19. Qxa7+ Kc8 20. Qa6+ Bb7 21. Qd3 Bb4+ 22. Bd2 Bxd2+ 23. Kd1 Qxd3 24. cxd3 Rxd3 25. Kc2 Rhd8 26. Rad1 Be4 27. Kb1 Be3 28. Rxd3 Rxd3 29. Ka1 Bxg2 30. Re1 Bf3 31. a3 Rd1+ 32. Rxd1 Bxd1 33. b4 Kb7 34. Kb2 Bd2 35. h3 g6 36. fxg6 hxg6 37. a4 Bxb4 38. a5 Bxa5 39. Ka3 f5 40. h4 f4 41. Kb2 Bd2 42. h5 gxh5 43. Kb1 f3 44. Ka1 f2 45. Kb2 f1Q 46. Ka2 Qc4+ 47. Kb2 Qc2+ 48. Ka1 Bc3# 0-1

[Event "GER-chT U12"]
[Site "Schney"]
[Date "2013.12.27"]
[Round "2.3"]
[White "Kolb, Verena"]
[Black "Koll, Linus"]
[Result "1-0"]
[WhiteElo "1286"]
[BlackElo "1210"]
[PlyCount "55"]
[EventDate "2013.12.27"]
[EventType "team-swiss"]
[EventRounds "7"]
[EventCountry "GER"]
[SourceTitle "EXT 2015"]
[Source "ChessBase"]
[SourceDate "2014.11.20"]
[SourceVersion "1"]
[SourceVersionDate "2014.11.20"]
[SourceQuality "1"]
[WhiteTeam "Seubelsdorf"]
[BlackTeam "Karlsruhe"]
[WhiteTeamCountry "GER"]
[BlackTeamCountry "GER"]

1. e4 e5 2. Nf3 Nc6 3. Bb5 a6 4. Ba4 b5 5. Bb3 Bc5 6. 0-0 Nf6 7. c3 d6 8. d4 Bb6 9. dxe5 Nxe4 10. Bd5 Nxf2 11. Bxc6+ Bd7 12. Bxd7+ Qxd7 13. Rxf2 Bxf2+ 14. Kxf2 dxe5 15. Qxd7+ Kxd7 16. Nxe5+ Ke6 17. Bf4 h5 18. h3 g5 19. Bh2 h4 20. Nd2 f6 21. Nef3 c5 22. Re1+ Kf5 23. c4 Kg6 24. Re6 b4 25. Ne4 Kf5 26. Nxc5 Rac8 27. Nd4+ Kg6 28. Bd6 1-0

[Event "GER-chT U12"]
[Site "Arendsee"]
[Date "2011.12.29"]
[Round "6.2"]
[White "Roessler, Linus Benedict"]
[Black "Kolb, Verena"]
[Result "0-1"]
[WhiteElo "1558"]
[BlackElo "964"]
[PlyCount "44"]
[EventDate "2011.12.27"]
[EventType "team-swiss"]
[EventRounds "7"]
[EventCountry "GER"]
[SourceTitle "EXT 2022"]
[Source "ChessBase"]
[SourceDate "2021.10.06"]
[SourceVersion "1"]
[SourceVersionDate "2021.10.06"]
[SourceQuality "1"]
[WhiteTeam "Magdeburg Aufbau Elbe U12"]
[BlackTeam "Seubelsdorf U12"]
[WhiteTeamCountry "GER"]
[BlackTeamCountry "GER"]

1. e4 e6 2. d4 d5 3. Nc3 Bb4 4. e5 c5 5. a3 Bxc3+ 6. bxc3 Ne7 7. Nf3 Qc7 8. Bd2 Bd7 9. Be2 Ba4 10. Ra2 Nf5 11. g4 Ne7 12. Ng5 Nd7 13. 0-0 f6 14. Nxe6 Qc8 15. Nxg7+ Kf7 16. exf6 Nxf6 17. Nh5 Nxh5 18. gxh5 Rg8+ 19. Kh1 Qh3 20. Bf3 Nf5 21. Bxd5+ Kf6 22. Qf3 Qxf1# 0-1

[Event "GER-chT U12"]
[Site "Arendsee"]
[Date "2011.12.27"]
[Round "2.2"]
[White "Kolb, Verena"]
[Black "Bleyer, Kalle"]
[Result "0-1"]
[WhiteElo "964"]
[BlackElo "1350"]
[PlyCount "76"]
[EventDate "2011.12.27"]
[EventType "team-swiss"]
[EventRounds "7"]
[EventCountry "GER"]
[SourceTitle "EXT 2022"]
[Source "ChessBase"]
[SourceDate "2021.10.06"]
[SourceVersion "1"]
[SourceVersionDate "2021.10.06"]
[SourceQuality "1"]
[WhiteTeam "Seubelsdorf U12"]
[BlackTeam "Endingen U12"]
[WhiteTeamCountry "GER"]
[BlackTeamCountry "GER"]

1. e4 e5 2. Nf3 Nc6 3. Nc3 Nf6 4. d3 h6 5. d4 exd4 6. Nxd4 Bb4 7. Nxc6 bxc6 8. a3 Ba5 9. b4 Bb6 10. Bc4 0-0 11. 0-0 Re8 12. Re1 a5 13. e5 Nd5 14. Bxd5 cxd5 15. Nxd5 axb4 16. Nxb4 Bc5 17. Qg4 d6 18. Qe4 Rxe5 19. Qxe5 dxe5 20. Nc6 Bxf2+ 21. Kxf2 Qf6+ 22. Kg1 Qxc6 23. Rxe5 Be6 24. Bf4 Qc3 25. Rae1 Qd4+ 26. R1e3 Qxf4 27. Re1 Rd8 28. R5e4 Qg5 29. Re5 Qg6 30. c3 Rd2 31. g3 h5 32. R5e2 Rxe2 33. Rxe2 h4 34. Kg2 h3+ 35. Kg1 Qd3 36. Re1 Qf3 37. Re2 Qxe2 38. a4 Qe1# 0-1